| 000 -ლიდერი |
| ფიქსირებული სიგრძის საკონტროლო ველი |
00908nam a22002057a 4500 |
| 003 - საკონტროლო ნომრის იდენტიფიკატორი |
| საკონტროლო ველი |
Ge_BSU |
| 005 - ბოლო ოპერაციის თარიღი და დრო |
| საკონტროლო ველი |
20230214164451.0 |
| 008 - ფიქსირებული სიგრძის მონაცემთა ელემენტები - ზოგადი ინფორმაცია |
| ფიქსირებული სიგრძის საკონტროლო ველი |
230214s2001 ge ||||| |||| 00| 0 geo d |
| 041 ## - ენის კოდი |
| Language code of text/sound track or separate title |
geo |
| 080 ## - უნივერსალური ათობითი კლასიფიკაციის ინდექსი |
| Universal Decimal Classification number |
323.1(479.22) : 172.15 ს-94 |
| 100 ## - მთავარი ჩანაწერი - პიროვნების სახელი |
| Personal name |
სუმბაძე, დენიზა |
| 9 (RLIN) |
16908 |
| 245 ## - ცნობა სათაურის შესახებ |
| Title |
კონცეფცია ერის შესახებ : |
| Remainder of title |
(ერის უფლებისა და ღირსების შესახებ) / |
| Statement of responsibility, etc |
დენიზა სუმბაძე; [რედ.: რეზო ბალანჩივაძე]. |
| 264 ## - წარმოების, გამოცემის, დისტრიბუციის და სხვა ცნობები |
| გამოცემის, წარმოების, დისტრიბუციის... ადგილი |
თბილისი, |
| გამოცემის, წარმოების, დისტრიბუციის... თარიღი |
2001. |
| 300 ## - ფიზიკური აღწერა |
| Extent |
48გვ. ; |
| Other physical details |
20სმ. |
| 500 ## - ზოგადი შენიშვნა |
| General note |
თავფ.: ავტ. მინაწ. |
| 653 ## - INDEX TERM--UNCONTROLLED |
| Uncontrolled term |
ეროვნული საკითხი |
| 653 ## - INDEX TERM--UNCONTROLLED |
| Uncontrolled term |
ქართველი ერი |
| 653 ## - INDEX TERM--UNCONTROLLED |
| Uncontrolled term |
პატრიოტიზმი. |
| 942 ## - ADDED ENTRY ELEMENTS (KOHA) |
| Source of classification or shelving scheme |
|
| Koha item type |
წიგნი |